Annual review Archive (Record no. 120934)
[ view plain ]
| 000 -LEADER | |
|---|---|
| fixed length control field | 00781cam a22002295a 4500 |
| 001 - CONTROL NUMBER | |
| control field | W154392 |
| 008 - FIXED-LENGTH DATA ELEMENTS--GENERAL INFORMATION | |
| fixed length control field | 101115s xxk f 000 0 eng d |
| 035 ## - SYSTEM CONTROL NUMBER | |
| System control number | (Sirsi) u154392 |
| 041 0# - LANGUAGE CODE | |
| Language code of text/sound track or separate title | eng |
| 050 04 - LIBRARY OF CONGRESS CALL NUMBER | |
| Classification number | 692.8 $2 18 |
| 110 2# - MAIN ENTRY--CORPORATE NAME | |
| Corporate name or jurisdiction name as entry element | Fenwick Elliott |
| 9 (RLIN) | 5892 |
| 245 00 - TITLE STATEMENT | |
| Title | Annual review Archive |
| Medium | [electronic resouce] |
| 260 ## - PUBLICATION, DISTRIBUTION, ETC. | |
| Place of publication, distribution, etc. | London |
| Name of publisher, distributor, etc. | Fenwick Elliott |
| 520 ## - SUMMARY, ETC. | |
| Summary, etc. | Covers Annual reviews from 1996/97 until present. |
| 520 ## - SUMMARY, ETC. | |
| Summary, etc. | Provides a summary of recent developments in construction and energy law. |
| 590 ## - LOCAL NOTE (RLIN) | |
| Local note | KA |
| 651 #4 - SUBJECT ADDED ENTRY--GEOGRAPHIC NAME | |
| Geographic name | England and Wales |
| Chronological subdivision | 1543- |
| 690 ## - LOCAL SUBJECT ADDED ENTRY--TOPICAL TERM (OCLC, RLIN) | |
| Topical term or geographic name as entry element | BUILT ENVIRONMENT |
| 700 1# - ADDED ENTRY--PERSONAL NAME | |
| Personal name | Glover, Jeremy |
| Relator term | Editor |
| 856 48 - ELECTRONIC LOCATION AND ACCESS | |
| Uniform Resource Identifier | <a href="https://www.fenwickelliott.com/research-insight/annual-review/archive">https://www.fenwickelliott.com/research-insight/annual-review/archive</a> |
| Public note | View the archive at www.fenwickelliott.com |
| 942 ## - ADDED ENTRY ELEMENTS (KOHA) | |
| Suppress in OPAC | 0 |
| Withdrawn status | Lost status | Source of classification or shelving scheme | Damaged status | Not for loan | Home library | Current library | Shelving location | Date acquired | Total Checkouts | Full call number | Barcode | Date last seen | Copy number | Price effective from | Koha item type |
|---|---|---|---|---|---|---|---|---|---|---|---|---|---|---|---|
| Dewey Decimal Classification | Virtual | Virtual | Online | 23/11/2011 | WEB-SITE | 154392-2001 | 06/08/2019 | 1 | 06/08/2019 | Online material |